00843cam a22002417a 4500003000500000005001700005008004100022010001000063011001000073035001000083040000900093100002700102245015700129260007700286300001000363410005500373490002700428650002000455650002600475650001800501810005500519830002700574CHAP20220329141849.0980316d1992 mx r 00110 spa d a74958 a75930 a85503 cCHAP00aMonroy Rivera, Carlos.13aEl Pinus patula Schl. et Cham como productor de madera dimensionada en el noroeste de Veracruzc/por Carlos Monroy Rivera y Alfredo Trinidad Hernández aHuayacocotla, Ver. :bCampo Experimental Papantla. Area Forestal,c1992. a31 p.21aINIFAP. Campo Experimental Papantla. Area Forestal 0aFolleto técnicov; 414aMadera de pino.14aPináceasxVeracruz.14aPinus patula.00aINIFAP. Campo Experimental Papantla. Area Forestal0 aFolleto técnicov; 4